Donald School textbook of ultrasound in obstetrics and gynecology / (Record no. 138959)
[ view plain ]
| 000 -LEADER | |
|---|---|
| fixed length control field | 01001nam a2200265 a 4500 |
| 001 - CONTROL NUMBER | |
| control field | vtls003220310 |
| 003 - CONTROL NUMBER IDENTIFIER | |
| control field | MY-SjTCS |
| 005 - DATE AND TIME OF LATEST TRANSACTION | |
| control field | 20200226114836.0 |
| 008 - FIXED-LENGTH DATA ELEMENTS--GENERAL INFORMATION | |
| fixed length control field | 110708s2008 ii a b 001 0 eng d |
| 020 ## - INTERNATIONAL STANDARD BOOK NUMBER | |
| International Standard Book Number | 9788184482027 (hbk.) |
| 020 ## - INTERNATIONAL STANDARD BOOK NUMBER | |
| International Standard Book Number | 8184482027 (hbk.) |
| 039 #9 - LEVEL OF BIBLIOGRAPHIC CONTROL AND CODING DETAIL [OBSOLETE] | |
| Level of rules in bibliographic description | 201108261144 |
| Level of effort used to assign nonsubject heading access points | wilmina |
| -- | 201107081115 |
| -- | pushpa |
| 082 04 - DEWEY DECIMAL CLASSIFICATION NUMBER | |
| Classification number | 618.047543 |
| Item number | DON 2008 |
| 245 00 - TITLE STATEMENT | |
| Title | Donald School textbook of ultrasound in obstetrics and gynecology / |
| Statement of responsibility, etc. | editors: Asim Kurjak, Frank A. Chervenak. |
| 246 3# - VARYING FORM OF TITLE | |
| Title proper/short title | Textbook of ultrasound in obstetrics and gynecology |
| 260 ## - PUBLICATION, DISTRIBUTION, ETC. | |
| Place of publication, distribution, etc. | New Delhi : |
| Name of publisher, distributor, etc. | Jaypee Brothers Medical Pub., |
| Date of publication, distribution, etc. | c2008. |
| 300 ## - PHYSICAL DESCRIPTION | |
| Extent | xx, 989 p. : |
| Other physical details | ill. (some col.) ; |
| Dimensions | 29 cm. |
| 504 ## - BIBLIOGRAPHY, ETC. NOTE | |
| Bibliography, etc. note | Includes bibliographical references and index. |
| 650 #0 - SUBJECT ADDED ENTRY--TOPICAL TERM | |
| Topical term or geographic name entry element | Ultrasonics in obstetrics. |
| 9 (RLIN) | 43726 |
| 650 #0 - SUBJECT ADDED ENTRY--TOPICAL TERM | |
| Topical term or geographic name entry element | Generative organs, Female |
| General subdivision | Ultrasonic imaging. |
| 9 (RLIN) | 53880 |
| 650 #0 - SUBJECT ADDED ENTRY--TOPICAL TERM | |
| Topical term or geographic name entry element | Ultrasonography, Prenatal. |
| 700 1# - ADDED ENTRY--PERSONAL NAME | |
| Personal name | Kurjak, Asim. |
| 9 (RLIN) | 53881 |
| 700 1# - ADDED ENTRY--PERSONAL NAME | |
| Personal name | Chervenak, Frank A. |
| 920 ## - Programme | |
| Programme | SMN : 167508 |
| Withdrawn status | Lost status | Source of classification or shelving scheme | Damaged status | Not for loan | Collection code | Home library | Current library | Date acquired | Total Checkouts | Barcode | Date last seen | Copy number | Koha item type | Public note |
|---|---|---|---|---|---|---|---|---|---|---|---|---|---|---|
| Dewey Decimal Classification | Request at the nearest Library desk | Clinical School | Clinical School | 29/07/2011 | 5000118294 | 05/12/2019 | 1 | SOM TEXT | SOMxx,33001,03,AD |